Government Finance Statistics Yearbook 1979

Gespeichert in:
Bibliographische Detailangaben
Format: Buch
Sprache:Englisch
Veröffentlicht: Washington, D.C. International Monetary Fund 1979
Schlagworte:
Tags: Tag hinzufügen
Keine Tags, Fügen Sie das erste Tag hinzu!

MARC

LEADER 00000nam a2200000 4500
001 c115409
005 20251218125513.2
041 0 |a eng 
044 |a US 
245 1 0 |a Government Finance Statistics Yearbook 1979 
264 1 |a Washington, D.C.  |b International Monetary Fund  |c 1979 
300 |a 411 s. 
610 2 0 |a financie 
610 2 0 |a financie štátne 
610 2 0 |a štatistika finančná 
610 2 0 |a politika finančná